Top 20 International Run Scorers - Statistics

General Stats
  • This quiz has been taken 8 times
  • The average score is 16 of 20
Answer Stats
Runs National Team 100s 50s Answer % Correct
22358 West Indies 53 111 Brian Lara
100%
18995 Australia 49 98 David Warner
100%
20580 Pakistan 35 129 Inzamam Ul Haq
100%
25534 South Africa 62 149 Jacques Kallis
100%
21134 England 54 113 Joe Root
100%
27483 Australia 71 146 Ricky Ponting
100%
19700 India 49 108 Rohit Sharma
100%
34357 India 100 164 Sachin Tendulkar
100%
27599 India 82 143 Virat Kohli
100%
20014 South Africa 47 109 AB De Villiers
75%
19086 New Zealand 48 102 Kane Williamson
75%
28016 Sri Lanka 63 153 Kumar Sangakkara
75%
25957 Sri Lanka 54 136 Mahela Jayawardene
75%
24208 India 48 146 Rahul Dravid
75%
20988 West Indies 41 125 Shivnarine Chanderpaul
75%
18496 Australia 35 95 Steve Waugh
75%
19593 West Indies 42 105 Chris Gayle
50%
18672 South Africa 55 88 Hashim Amla
50%
21032 Sri Lanka 42 103 Sanath Jayasuriya
50%
18575 India 38 107 Sourav Ganguly
25%
No matching quizzes found
Score Distribution
Percent of People with Each Score
Percentile by Number Answered
Your Score History
You have not taken this quiz